<?xml version="1.0" encoding="UTF-8"?>
<collection xmlns="http://www.loc.gov/MARC21/slim">
 <record>
  <leader>     na                 </leader>
  <controlfield tag="001">INLIS000000000000127</controlfield>
  <controlfield tag="005">20210318105522</controlfield>
  <controlfield tag="035">$a 0010-0920000127</controlfield>
  <controlfield tag="008">210318                           0      </controlfield>
  <controlfield tag="245">$a Komik Nexk G: Sahabat Sejati /$c Maharani Cecilia Putri</controlfield>
  <controlfield tag="260">$a Bandung :$b Muffins Graphics,$c 2020</controlfield>
  <controlfield tag="020">$a 978-602-367-625-5</controlfield>
  <controlfield tag="082">$a 813</controlfield>
  <controlfield tag="084">$a 813 MAH k</controlfield>
  <controlfield tag="100">$a Maharani Cecilia Putri</controlfield>
  <controlfield tag="250">$a Cet.2</controlfield>
  <controlfield tag="300">$a 100 hlm : $b ilus ; $c 21 x 25 cm</controlfield>
  <controlfield tag="990">$a 0128/2019</controlfield>
 </record>
</collection>
